000 00376cam a2200157ua 4500
041 _aeng
_h
082 _a553.67
_bNOR/RE
100 _aNorton, F H .
245 _aRefractories /
_cF H Norton.
_hTextual Documents
250 _a4 /
_b.
260 _aNew York :
_bMcGraw Hill Book Company ,
_c1968.
300 _a450 ; .
504 _a
942 _cBK
999 _c9783
_d9783